000 00442nam a2200181Ia 4500
001 16723
005 20260306170331.0
008 260306t1994||||xx |||||||||||||| ||und||
041 _aESP
082 _a349.7
_bT78
100 _aInstituto Martín de Azpilcueta
_eAUT
245 0 _aTratado de derecho eclesiástico
260 _c1994
300 _a1198 páginas :
_c24 cm.
650 _aGEN
654 _aCDE
942 _cLIB
_dJUS
_fJUS
_2ddc
_n
999 _c16723
_d16723